Four Word Movie Reviews Quiz Stats

 Plays Quiz Updated Oct 31, 2018

Score 0/33 Timer 08:00
3 Plays Today
Clue Movie % Correct
Vader downs a Guinness.Star Wars - A New Hope
87.1%
I bet Kramer wins.Kramer vs Kramer
71.2%
The Great S cape.Superman
62.5%
Said he'd be back.Terminator Two
52.6%
Who's Eating? Gilbert's mom.What's Eating Gilbert Grape
49.1%
Your father, he is.Star Wars - Return of the Jedi
42.4%
Sheeeeeeears Johnny!Edward Scissorhands
40.2%
Con autist.Rain Man
39.2%
Hoff-man, hoff-woman.Tootsie
38.8%
Ford. Explorer.Raiders of the Lost Ark
38.5%
Finding Nimoy.Star Trek III
30.4%
Three. Ring. Serkis.The Return of the King
29.6%
Something About Mary Magdalene.The Da Vinci Code
28.2%
Gory. Gory. Hallelujah.The Passion of the Christ
27.8%
Run and Stumpy.Forrest Gump
22.9%
Big Fat Green WeddingShrek
22.8%
Fe male.Iron Man
20.4%
Clue Movie % Correct
Inflation causes housing crisis.Up
19%
Icy dead people.Titanic
18.8%
A Merrick Unbeauty.The Elephant Man
18.6%
Crossed, un-crossed, HELLO, crossed.Basic Instinct
15%
Tense. Intense. In tents.The Blair Witch Project
12.3%
Convicts with a record.O Brother Where Art Thou?
11.6%
Schindler's LisztThe Pianist
11.5%
A comedy of eras.Back to the Future
11.3%
Bride's head, revisited.Se7en
10.7%
Copper is metal.Robocop
10%
Drew first blood.Scream
8.7%
Damsel in dissed dress.Pretty in Pink
6.9%
Fate: verse, then death.Dead Poets Society
6%
Brother gets own bedroom.Saving Private Ryan
4.3%
The Emperors Hike Back.March of the Penguins
3.2%
Vill'n Grace.Spider-man 3
1.9%

You're not logged in!

Compare scores with friends on all Sporcle quizzes.
OR
Log In

Sporcle TV

Today on Sporcle TV


Watch our educational content, quiz creation guides, and fun videos on Sporcle TV.

Show Comments

Extras

Top Quizzes Today


Score Distribution

Your Account Isn't Verified!

In order to create a playlist on Sporcle, you need to verify the email address you used during registration. Go to your Sporcle Settings to finish the process.

Report this User

Report this user for behavior that violates our Community Guidelines.

Details: